[Event "Mramorak Autumn Schev 2"]
[Site "Mramorak"]
[Date "2022.12.15"]
[Round "10.4"]
[White "Zhang, Yichen"]
[Black "Andrejevic, Milorad"]
[Result "0-1"]
[WhiteElo "1366"]
[BlackElo "2192"]
[PlyCount "84"]
[EventDate "2022.12.11"]
[EventType "schev"]
[EventRounds "10"]
[EventCountry "SRB"]
[SourceTitle "CBM 211 Extra"]
[Source "ChessBase"]
[SourceDate "2023.01.31"]
[SourceVersion "1"]
[SourceVersionDate "2023.01.31"]
[SourceQuality "1"]
[WhiteTeam "Team B"]
[BlackTeam "Team A"]
[WhiteTeamCountry "SRB"]
[BlackTeamCountry "SRB"]

1. d4 c5 2. d5 g6 3. c4 Bg7 4. Nc3 Bxc3+ 5. bxc3 f5 6. Nf3 Nf6 7. Bf4 d6 8. e3 Qa5 9. Qc2 Nbd7 10. Be2 Nb6 11. Nd2 Qa4 12. Qc1 Ne4 13. Nxe4 fxe4 14. 0-0 Nxc4 15. Bxc4 Qxc4 16. Qd2 0-0 17. Bg5 Rf5 18. Bxe7 Rxd5 19. Qc2 Bd7 20. Rfd1 Ba4 21. Qxa4 Qxa4 22. Rxd5 Kf7 23. Bh4 Ke6 24. Rad1 Qc6 25. Bg3 Qxd5 26. Rxd5 Kxd5 27. Kf1 Rd8 28. Ke2 Kc4 29. Kd2 d5 30. Be5 b5 31. Kc2 Rf8 32. Bg3 a5 33. a3 b4 34. axb4 axb4 35. cxb4 Kxb4 36. Kb2 Kc4 37. Kc2 Ra8 38. Kb2 Kd3 39. Bd6 c4 40. Be5 c3+ 41. Bxc3 Rb8+ 42. Ka3 Kxc3 0-1

[Event "Mramorak Autumn Schev 2"]
[Site "Mramorak"]
[Date "2022.12.11"]
[Round "1.4"]
[White "Andrejevic, Milorad"]
[Black "Kostic, Milutin B"]
[Result "1/2-1/2"]
[WhiteElo "2192"]
[BlackElo "1994"]
[PlyCount "26"]
[EventDate "2022.12.11"]
[EventType "schev"]
[EventRounds "10"]
[EventCountry "SRB"]
[SourceTitle "CBM 211 Extra"]
[Source "ChessBase"]
[SourceDate "2023.01.31"]
[SourceVersion "1"]
[SourceVersionDate "2023.01.31"]
[SourceQuality "1"]
[WhiteTeam "Team A"]
[BlackTeam "Team B"]
[WhiteTeamCountry "SRB"]
[BlackTeamCountry "SRB"]

1. e4 g6 2. d4 Bg7 3. Nc3 c6 4. Nf3 d5 5. h3 dxe4 6. Nxe4 Nd7 7. Bc4 Ngf6 8. Qe2 Nxe4 9. Qxe4 Nf6 10. Qe2 Qd6 11. 0-0 0-0 12. Re1 e6 13. c3 b6 1/2-1/2

[Event "Vojvodina-chT 21st"]
[Site "Backa Palanka"]
[Date "2021.10.29"]
[Round "10.5"]
[White "Brajic, Miloje"]
[Black "Andrejevic, Milorad"]
[Result "1-0"]
[WhiteElo "2153"]
[BlackElo "2213"]
[PlyCount "93"]
[EventDate "2021.10.23"]
[EventType "team-tourn"]
[EventRounds "11"]
[EventCountry "SRB"]
[SourceTitle "CBM 204 Extra"]
[Source "ChessBase"]
[SourceDate "2021.11.30"]
[SourceVersion "1"]
[SourceVersionDate "2021.11.30"]
[SourceQuality "1"]
[WhiteTeam "Backa Palanka"]
[BlackTeam "Mladenovo"]
[WhiteTeamCountry "SRB"]
[BlackTeamCountry "SRB"]

1. e4 c5 2. Nf3 d6 3. d4 cxd4 4. Nxd4 Nf6 5. Nc3 a6 6. Bg5 e6 7. Qd2 Be7 8. 0-0-0 Qc7 9. f4 0-0 10. g4 Nc6 11. Bxf6 Bxf6 12. Nf3 Qa5 13. Bc4 Bxc3 14. bxc3 d5 15. Bb3 Qa3+ 16. Kb1 a5 17. exd5 exd5 18. f5 a4 19. Bxd5 Ra5 20. c4 Nb4 21. c3 Nxd5 22. cxd5 Qd6 23. Ka1 a3 24. Rhe1 Bd7 25. Ne5 Rc8 26. Qd3 Bb5 27. c4 Be8 28. g5 f6 29. gxf6 Qxf6 30. Qd4 Bh5 31. Nd7 Qxf5 32. Re7 Qg5 33. Rde1 Qg2 34. Rg1 Qb2+ 35. Qxb2 axb2+ 36. Kxb2 Bg6 37. Ne5 b5 38. Nc6 Ra4 39. cxb5 Rca8 40. b6 Rxa2+ 41. Kc3 Rc2+ 42. Kd4 Ra4+ 43. Ke5 Rb2 44. b7 Re4+ 45. Kd6 Rxe7 46. Nxe7+ Kf7 47. Nc6 1-0

[Event "Vojvodina-chT 21st"]
[Site "Backa Palanka"]
[Date "2021.10.24"]
[Round "2.5"]
[White "Andrejevic, Milorad"]
[Black "Pajcin, Lav"]
[Result "1-0"]
[WhiteElo "2213"]
[BlackElo "1947"]
[PlyCount "93"]
[EventDate "2021.10.23"]
[EventType "team-tourn"]
[EventRounds "11"]
[EventCountry "SRB"]
[SourceTitle "CBM 204 Extra"]
[Source "ChessBase"]
[SourceDate "2021.11.30"]
[SourceVersion "1"]
[SourceVersionDate "2021.11.30"]
[SourceQuality "1"]
[WhiteTeam "Mladenovo"]
[BlackTeam "Petrovaradin Kraljica"]
[WhiteTeamCountry "SRB"]
[BlackTeamCountry "SRB"]

1. d4 Nf6 2. Nf3 g6 3. g3 Bg7 4. Bg2 0-0 5. 0-0 d6 6. c4 c5 7. dxc5 dxc5 8. Nc3 Nc6 9. Bf4 Be6 10. Qa4 Qb6 11. Ne5 Nh5 12. Nxc6 bxc6 13. Bc1 Qb4 14. Bxc6 Rac8 15. Nd5 Bxd5 16. Qxb4 cxb4 17. cxd5 Rfd8 18. Be3 e6 19. Rad1 Bxb2 20. Bxa7 exd5 21. Bxd5 Nf6 22. Bb3 Ne4 23. Bb6 Rxd1 24. Rxd1 Rc1 25. Rxc1 Bxc1 26. f3 Nd2 27. Kf2 Nxb3 28. axb3 f5 29. Bc5 Kf7 30. Bxb4 Ke6 31. e3 Kd5 32. Ke2 g5 33. Kd3 g4 34. fxg4 fxg4 35. e4+ Ke6 36. Bd2 Ba3 37. b4 h5 38. b5 Bd6 39. Bg5 Bc5 40. Be3 Bd6 41. b6 Kd7 42. Bf4 Bxf4 43. gxf4 Kc6 44. f5 h4 45. Ke3 g3 46. hxg3 h3 47. Kf3 1-0

[Event "Stari Banovci Vidovdan op"]
[Site "Stari Banovci"]
[Date "2016.06.29"]
[Round "2"]
[White "Andrejevic, Milorad"]
[Black "Tadic, Stefan"]
[Result "1/2-1/2"]
[WhiteElo "2238"]
[BlackElo "2069"]
[PlyCount "124"]
[EventDate "2016.06.28"]
[EventType "swiss"]
[EventRounds "9"]
[EventCountry "SRB"]
[SourceTitle "CBM 173 Extra"]
[Source "ChessBase"]
[SourceDate "2016.08.29"]
[SourceVersion "1"]
[SourceVersionDate "2016.08.29"]
[SourceQuality "1"]

1. e4 c5 2. Nf3 a6 3. c4 Nc6 4. d4 cxd4 5. Nxd4 e5 6. Nc2 Bc5 7. Bd3 d6 8. 0-0 Nf6 9. Nc3 0-0 10. Bg5 h6 11. Bh4 g5 12. Bg3 h5 13. h3 h4 14. Bh2 g4 15. hxg4 Nxg4 16. Qd2 Qf6 17. Nd5 Qg7 18. Nce3 Nd4 19. Be2 f5 20. exf5 Bxf5 21. Nxf5 Nxf5 22. Nc7 Nxf2 23. Qd5+ Rf7 24. Ne6 Qg6 25. Nxc5 Ne3 26. Qxf7+ Kxf7 27. Rxf2+ Ke7 28. Bd3 Qg4 29. Re1 Qd4 30. Nb3 Qxd3 31. Rf3 Rg8 32. Rfxe3 Qxc4 33. Kh1 a5 34. Nc1 Qd5 35. Rxe5+ dxe5 36. Rxe5+ Qxe5 37. Bxe5 Ke6 38. Bc3 a4 39. Nd3 b5 40. Kh2 Kf5 41. Ne1 Rc8 42. Nc2 Kg4 43. a3 Rd8 44. Nd4 Rd5 45. Nf3 Rc5 46. Ne5+ Kf5 47. Kh3 Rxc3+ 48. bxc3 Kxe5 49. Kxh4 Kd5 50. g4 Kc4 51. g5 Kxc3 52. g6 Kb3 53. g7 Kxa3 54. g8Q b4 55. Qf8 Kb3 56. Qf3+ Kb2 57. Qf2+ Ka3 58. Qc2 b3 59. Qb1 b2 60. Qd3+ Ka2 61. Qc2 a3 62. Qc4+ Ka1 1/2-1/2

[Event "Smederevska Palanka Shocha Memorial"]
[Site "Smederevska Palanka"]
[Date "2016.01.10"]
[Round "2"]
[White "Arsovic, Zoran"]
[Black "Andrejevic, Milorad"]
[Result "0-1"]
[WhiteElo "2465"]
[BlackElo "2231"]
[PlyCount "128"]
[EventDate "2016.01.01"]
[EventType "swiss"]
[EventRounds "9"]
[EventCountry "SRB"]
[SourceTitle "CBM 170 Extra"]
[Source "ChessBase"]
[SourceDate "2016.02.25"]
[SourceVersion "1"]
[SourceVersionDate "2016.02.25"]
[SourceQuality "1"]

1. Nf3 c5 2. c4 Nc6 3. Nc3 g6 4. e3 Bg7 5. d4 Nf6 6. d5 Na5 7. Bd3 0-0 8. e4 d6 9. h3 a6 10. 0-0 Rb8 11. a4 Bd7 12. Bf4 b5 13. axb5 axb5 14. cxb5 c4 15. Bc2 Bxb5 16. e5 Ne8 17. Re1 Nb3 18. Bxb3 cxb3 19. Nd4 dxe5 20. Bxe5 Bxe5 21. Rxe5 Nd6 22. Ncxb5 Nxb5 23. Nc6 Qd6 24. Qe2 Rb7 25. Rxe7 Rb6 26. Rd1 Nc7 27. Qe5 Rxc6 28. Qxd6 Rxd6 29. Rxc7 Rb8 30. Rc5 Kg7 31. Rd3 Rb7 32. f4 Kf6 33. Kf2 h5 34. g3 Ke7 35. Kf3 Ra6 36. Rcc3 Ra2 37. Rd2 Kd6 38. Rc6+ Kd7 39. Rc3 Ra1 40. g4 hxg4+ 41. hxg4 Rf1+ 42. Kg3 Rb4 43. Rf3 Rg1+ 44. Rg2 Rxg2+ 45. Kxg2 Kd6 46. Kg3 Kxd5 47. Rd3+ Ke4 48. Rd7 f5 49. g5 Rb6 50. Rf7 Kd5 51. Kf3 Re6 52. Rg7 Kc4 53. Rc7+ Kd4 54. Rf7 Re3+ 55. Kf2 Rh3 56. Kg2 Re3 57. Rd7+ Ke4 58. Rd6 Kxf4 59. Rxg6 Re2+ 60. Kf1 Rxb2 61. Rg8 Kf3 62. Kg1 Rg2+ 63. Kh1 b2 64. Rb8 Rc2 0-1

[Event "Vojvodina-ch 1st"]
[Site "Novi Sad"]
[Date "2010.07.26"]
[Round "2"]
[White "Popovic, Dusan"]
[Black "Andrejevic, Milorad"]
[Result "1/2-1/2"]
[WhiteElo "2564"]
[BlackElo "2217"]
[PlyCount "160"]
[EventDate "2010.07.25"]
[EventType "swiss"]
[EventRounds "9"]
[EventCountry "YUG"]
[SourceTitle "CBM 137 Extra"]
[Source "ChessBase"]
[SourceDate "2010.09.01"]
[SourceVersion "1"]
[SourceVersionDate "2010.09.01"]
[SourceQuality "1"]

1. e4 c5 2. Nc3 Nc6 3. Bb5 Nd4 4. Ba4 g6 5. Nf3 Bg7 6. 0-0 a6 7. Nxd4 cxd4 8. Ne2 e6 9. d3 Ne7 10. Bd2 0-0 11. Qe1 Nc6 12. Kh1 d5 13. f3 e5 14. exd5 Qxd5 15. f4 Qd6 16. fxe5 Bxe5 17. Nf4 Bd7 18. Qf2 Rae8 19. Bb3 Ne7 20. a3 Bc6 21. Rae1 Qc7 22. Qh4 a5 23. Qg5 Bxf4 24. Bxf4 Qd7 25. Be5 Nf5 26. Qf6 Rxe5 27. Qxe5 Ne3 28. Rxe3 dxe3 29. Qxe3 Qg4 30. Qf2 Kg7 31. c3 f5 32. Bd1 Qg5 33. Re1 Re8 34. Rxe8 Bxe8 35. h3 Qc1 36. Qc2 Qf4 37. Bf3 Bc6 38. Bxc6 bxc6 39. Qe2 h5 40. Kg1 h4 41. Qf2 Qc1+ 42. Kh2 Kf7 43. c4 a4 44. Qxh4 Qxb2 45. Qh7+ Kf8 46. Qxg6 Qxa3 47. Qxf5+ Ke8 48. c5 Qb3 49. Qe5+ Kf7 50. d4 a3 51. Qc7+ Kf8 52. Qc8+ Kg7 53. Qd7+ Kf8 54. Qc8+ Ke7 55. Qc7+ Kf8 56. Qd6+ Kg7 57. d5 cxd5 58. Qe5+ Kg6 59. c6 Qc4 60. c7 a2 61. Qe6+ Kg7 62. Qe7+ Kg6 63. Qe6+ Kg7 64. Qe5+ Kg6 65. Qd6+ Kg7 66. Qe7+ Kg6 67. Qe6+ Kg7 68. Qg4+ Qxg4 69. hxg4 a1Q 70. c8Q Qe5+ 71. Kh3 d4 72. Qd7+ Kg6 73. Qc6+ Kg5 74. g3 Qf6 75. Qd5+ Kg6 76. Kg2 Qb6 77. Kf3 Qb2 78. Qf5+ Kg7 79. Qe5+ Kg6 80. g5 Qb3+ 1/2-1/2

[Event "Vojvodina-chT"]
[Site "Pancevo"]
[Date "2007.09.30"]
[Round "9"]
[White "Andrejevic, Milorad"]
[Black "Carnic, Srdjan"]
[Result "1/2-1/2"]
[WhiteElo "2244"]
[BlackElo "2336"]
[PlyCount "26"]
[EventDate "2007.09.24"]
[EventType "team-tourn"]
[EventRounds "9"]
[EventCountry "SRB"]
[SourceTitle "EXT 2023"]
[Source "ChessBase"]
[SourceDate "2022.10.05"]
[SourceVersion "1"]
[SourceVersionDate "2022.10.05"]
[SourceQuality "1"]

1. d4 Nf6 2. Nf3 g6 3. g3 Bg7 4. Bg2 0-0 5. 0-0 d6 6. c4 Nc6 7. Nc3 a6 8. e4 Rb8 9. b3 e6 10. Qc2 Bd7 11. Re1 b5 12. e5 Ne8 13. Bg5 f6 1/2-1/2

[Event "Vojvodina-chT"]
[Site "Pancevo"]
[Date "2007.09.27"]
[Round "5"]
[White "Andrejevic, Milorad"]
[Black "Berescu, Alin Mile"]
[Result "1/2-1/2"]
[WhiteElo "2244"]
[BlackElo "2511"]
[PlyCount "87"]
[EventDate "2007.09.24"]
[EventType "team-tourn"]
[EventRounds "9"]
[EventCountry "SRB"]
[SourceTitle "EXT 2023"]
[Source "ChessBase"]
[SourceDate "2022.10.05"]
[SourceVersion "1"]
[SourceVersionDate "2022.10.05"]
[SourceQuality "1"]

1. d4 e6 2. c4 Nf6 3. Nc3 Bb4 4. Qc2 d5 5. cxd5 exd5 6. Nf3 c5 7. Bg5 Nbd7 8. e3 Qa5 9. Bd3 c4 10. Bf5 0-0 11. 0-0 g6 12. Bh3 Re8 13. Bf4 Nb6 14. Bxc8 Raxc8 15. Be5 Bxc3 16. Bxf6 Bb4 17. h4 Qa4 18. Qe2 Qd7 19. Rac1 Qg4 20. Rc2 Nd7 21. Be5 Bf8 22. b3 b5 23. Rb1 Nxe5 24. dxe5 b4 25. Rd1 Qe6 26. Ng5 Qxe5 27. bxc4 dxc4 28. Rxc4 Qb5 29. Rdd4 Rxc4 30. Qxc4 Qxc4 31. Rxc4 Rd8 32. Rc2 Rd1+ 33. Kh2 a5 34. Nf3 a4 35. Nd2 Be7 36. g3 Bf6 37. Kg2 Ra1 38. Kf3 a3 39. Ke2 Bc3 40. Nb3 Rb1 41. Kd3 Kg7 42. Nc5 h5 43. Kc4 Rb2 44. Kd3 1/2-1/2

[Event "Vojvodina-chT"]
[Site "Pancevo"]
[Date "2007.09.27"]
[Round "6"]
[White "Bodiroga, Predrag"]
[Black "Andrejevic, Milorad"]
[Result "0-1"]
[WhiteElo "2403"]
[BlackElo "2244"]
[PlyCount "108"]
[EventDate "2007.09.24"]
[EventType "team-tourn"]
[EventRounds "9"]
[EventCountry "SRB"]
[SourceTitle "EXT 2023"]
[Source "ChessBase"]
[SourceDate "2022.10.05"]
[SourceVersion "1"]
[SourceVersionDate "2022.10.05"]
[SourceQuality "1"]

1. d4 Nf6 2. c4 g6 3. Nc3 Bg7 4. e4 d6 5. f3 0-0 6. Nge2 Nc6 7. Be3 Rb8 8. Qd2 a6 9. Rb1 b5 10. cxb5 axb5 11. b4 Bd7 12. d5 Ne5 13. Nd4 Qe8 14. Be2 c6 15. dxc6 Bxc6 16. Rc1 Nc4 17. Bxc4 bxc4 18. Nxc6 Qxc6 19. b5 Rxb5 20. Nxb5 Qxb5 21. 0-0 Rc8 22. Rb1 Qa4 23. Rfc1 Nd7 24. Qb4 Qxa2 25. Qb7 Rb8 26. Qxb8+ Nxb8 27. Rxb8+ Bf8 28. Rc8 Kg7 29. R8xc4 f5 30. exf5 gxf5 31. g4 Qe2 32. Bf2 Qxf3 33. R4c3 Qf4 34. gxf5 Kf7 35. Rf1 Bg7 36. Rg3 Be5 37. Rg2 h5 38. Bg3 Bd4+ 39. Bf2 h4 40. Bxd4 Qxd4+ 41. Rgf2 Qe3 42. Rd1 Kf6 43. Kf1 Qe4 44. Re1 Qc4+ 45. Ree2 d5 46. Rf3 d4 47. Kf2 Qc5 48. Kg2 Qc1 49. Re6+ Kf7 50. Re2 Qd1 51. Rff2 d3 52. Rd2 Qg4+ 53. Kf1 Qe4 54. Rg2 h3 0-1

[Event "Vojvodina-chT"]
[Site "Pancevo"]
[Date "2007.09.26"]
[Round "4"]
[White "Kalezic, Blazo"]
[Black "Andrejevic, Milorad"]
[Result "1-0"]
[WhiteElo "2396"]
[BlackElo "2244"]
[PlyCount "53"]
[EventDate "2007.09.24"]
[EventType "team-tourn"]
[EventRounds "9"]
[EventCountry "SRB"]
[SourceTitle "EXT 2023"]
[Source "ChessBase"]
[SourceDate "2022.10.05"]
[SourceVersion "1"]
[SourceVersionDate "2022.10.05"]
[SourceQuality "1"]

1. e4 c5 2. c3 d5 3. exd5 Nf6 4. Bb5+ Nbd7 5. d4 Nxd5 6. dxc5 e6 7. c6 bxc6 8. Bxc6 Rb8 9. Ne2 Bb7 10. Bxb7 Rxb7 11. 0-0 Qc7 12. Nd2 Bd6 13. Nf3 0-0 14. Ned4 Ne5 15. g3 Rd8 16. Re1 h6 17. Nxe5 Bxe5 18. Rxe5 Nxc3 19. Qe1 Na4 20. Nb3 Qc2 21. Re2 Qf5 22. Be3 Rbd7 23. Kg2 Rd3 24. h3 Qd5+ 25. f3 f5 26. Qa5 Qc4 27. Rc1 1-0

[Event "Vojvodina-chT"]
[Site "Pancevo"]
[Date "2007.09.25"]
[Round "3"]
[White "Andrejevic, Milorad"]
[Black "Miljanic, Boro"]
[Result "0-1"]
[WhiteElo "2244"]
[BlackElo "2404"]
[PlyCount "76"]
[EventDate "2007.09.24"]
[EventType "team-tourn"]
[EventRounds "9"]
[EventCountry "SRB"]
[SourceTitle "EXT 2023"]
[Source "ChessBase"]
[SourceDate "2022.10.05"]
[SourceVersion "1"]
[SourceVersionDate "2022.10.05"]
[SourceQuality "1"]

1. d4 Nf6 2. c4 g6 3. Nc3 Bg7 4. e4 d6 5. Nf3 0-0 6. Be2 e5 7. 0-0 Nc6 8. d5 Ne7 9. Ne1 Ne8 10. Nd3 f5 11. f3 f4 12. b4 h5 13. Bd2 g5 14. Rc1 Rf6 15. c5 Rg6 16. Nf2 Kh8 17. h3 Ng8 18. cxd6 cxd6 19. Qc2 Nh6 20. Nb5 Bd7 21. Na3 Bf6 22. Nc4 g4 23. fxg4 hxg4 24. Nxg4 Nxg4 25. Bxg4 Bxg4 26. hxg4 b5 27. Na3 Qb6+ 28. Rf2 Bh4 29. Be1 Nf6 30. Qd3 Rag8 31. Rc6 Bxf2+ 32. Bxf2 Qb8 33. Qh3+ Nh7 34. Bh4 Rh6 35. g3 fxg3 36. Kg2 Qf8 37. Rc2 Qf4 38. Re2 Rxg4 0-1

[Event "Vojvodina-chT"]
[Site "Pancevo"]
[Date "2007.09.25"]
[Round "2"]
[White "Popovic, Milos T"]
[Black "Andrejevic, Milorad"]
[Result "1/2-1/2"]
[WhiteElo "2419"]
[BlackElo "2244"]
[PlyCount "57"]
[EventDate "2007.09.24"]
[EventType "team-tourn"]
[EventRounds "9"]
[EventCountry "SRB"]
[SourceTitle "EXT 2023"]
[Source "ChessBase"]
[SourceDate "2022.10.05"]
[SourceVersion "1"]
[SourceVersionDate "2022.10.05"]
[SourceQuality "1"]

1. d4 Nf6 2. c4 g6 3. Nc3 Bg7 4. e4 d6 5. f4 c5 6. d5 0-0 7. Nf3 e6 8. Be2 exd5 9. cxd5 Re8 10. e5 dxe5 11. fxe5 Ng4 12. e6 fxe6 13. d6 Ne5 14. Be3 Bd7 15. 0-0 Bc6 16. Bxc5 Nbd7 17. Bd4 Nxf3+ 18. Bxf3 Bxf3 19. Rxf3 Bxd4+ 20. Qxd4 Qb6 21. Qxb6 axb6 22. Nb5 Rf8 23. Nc7 Rxf3 24. gxf3 Ra5 25. Re1 Re5 26. Rxe5 Nxe5 27. Nxe6 Nxf3+ 28. Kf2 Ne5 29. Ke2 1/2-1/2